Giới thiệu nội dung cơ bản của luật hôn nhân và gia đình năm 2000
Sparad:
| Huvudupphovsman: | |
|---|---|
| Materialtyp: | Bok |
| Språk: | Undetermined |
| Publicerad: |
Tp. HCM
Nxb. Tp. HCM
2000
|
| Ämnen: | |
| Taggar: |
Lägg till en tagg
Inga taggar, Lägg till första taggen!
|
| Thư viện lưu trữ: | Trung tâm Học liệu Trường Đại học Cần Thơ |
|---|
| LEADER | 00571nam a2200169Ia 4500 | ||
|---|---|---|---|
| 001 | CTU_40356 | ||
| 008 | 210402s9999 xx 000 0 und d | ||
| 082 | |a 346.59701 | ||
| 082 | |b Gi461 | ||
| 100 | |a Đinh Trung Tụng...[et al.] | ||
| 245 | 0 | |a Giới thiệu nội dung cơ bản của luật hôn nhân và gia đình năm 2000 | |
| 245 | 0 | |c Đinh Trung Tụng...[et al.] | |
| 260 | |a Tp. HCM | ||
| 260 | |b Nxb. Tp. HCM | ||
| 260 | |c 2000 | ||
| 650 | |a civil law,domestic relations,marriage law | ||
| 980 | |a Trung tâm Học liệu Trường Đại học Cần Thơ | ||